Les prisonniers du cucase (Record no. 129332)

MARC details
000 -LEADER
fixed length control field 00552nam a2200229Ia 4500
003 - CONTROL NUMBER IDENTIFIER
control field OSt
005 - DATE AND TIME OF LATEST TRANSACTION
control field 20230518101526.0
008 - FIXED-LENGTH DATA ELEMENTS--GENERAL INFORMATION
fixed length control field 210210b1911 xxu||||| |||| 00| 0 eng d
040 ## - CATALOGING SOURCE
Transcribing agency AL
041 ## - LANGUAGE CODE
Language code of text/sound track or separate title French
082 ## - DEWEY DECIMAL CLASSIFICATION NUMBER
Classification number 444/117
100 ## - MAIN ENTRY--PERSONAL NAME
Personal name DE MAISTRE (X)
9 (RLIN) 107719
245 ## - TITLE STATEMENT
Title Les prisonniers du cucase
260 ## - PUBLICATION, DISTRIBUTION, ETC.
Place of publication, distribution, etc. London
Name of publisher, distributor, etc. Macmillan & Co. Ltd.
Date of publication, distribution, etc. 1911
650 ## - SUBJECT ADDED ENTRY--TOPICAL TERM
Topical term or geographic name entry element prisonniers
9 (RLIN) 107720
650 ## - SUBJECT ADDED ENTRY--TOPICAL TERM
Topical term or geographic name entry element Les
9 (RLIN) 107721
650 ## - SUBJECT ADDED ENTRY--TOPICAL TERM
Topical term or geographic name entry element du
9 (RLIN) 107722
650 ## - SUBJECT ADDED ENTRY--TOPICAL TERM
Topical term or geographic name entry element cucase
9 (RLIN) 107723
690 ## - LOCAL SUBJECT ADDED ENTRY--TOPICAL TERM (OCLC, RLIN)
Topical term or geographic name as entry element French
9 (RLIN) 107724
906 ## - LOCAL DATA ELEMENT F, LDF (RLIN)
a 006312
942 ## - ADDED ENTRY ELEMENTS (KOHA)
Source of classification or shelving scheme Dewey Decimal Classification
Koha item type Book
Holdings
Withdrawn status Lost status Damaged status Not for loan Collection code Home library Current library Shelving location Date acquired Cost, normal purchase price Total Checkouts Full call number Barcode Date last seen Price effective from Koha item type
          St Aloysius Library St Aloysius Library   02/17/2021 0.00   444/117 006312 02/17/2021 02/17/2021 Book
          St Aloysius Library St Aloysius Library   02/17/2021 0.00   444/118 006313 02/17/2021 02/17/2021 Book